000 00496nam a22001817a 4500
003 MPLRDC
005 20220104124032.0
008 210129b ||||| |||| 00| 0 eng d
020 _a7-5073-1514-2
082 _a782.886 MZD-65 v.2
100 _a中共中央文献研究室 编著
245 _a毛泽东传 (下)
_c
250 _a一版六刷
260 _a中国
_b中央文献出版社
_c2003
300 _b1798
650 _a中国人物传记--毛泽东
942 _cBK
_o782.886 MZD-65 v.2
999 _c16133
_d16123